History - Cross, Historiography, and Miscellaneous | 0 | 3 | 0 | 0 | 30 | 76 | 107.33 | 0 | 0 |
History - American | 1 | 1 | 0 | 0 | 25 | 34 | 83.00 | 1 | 1 |
RMP - Philosophy | 0 | 2 | 0 | 0 | 20 | 106 | 114.00 | 0 | 0 |
Social Science - Economics | 0 | 2 | 0 | 0 | 20 | 101 | 113.50 | 0 | 0 |
Science - Computer Science | 0 | 2 | 0 | 0 | 20 | 81 | 88.50 | 0 | 0 |
RMP - East Asian Religion | 1 | 0 | 0 | 0 | 15 | 65 | 65.00 | 0 | 0 |
Literature - British | 1 | 0 | 0 | 0 | 15 | 54 | 54.00 | 0 | 0 |
Other - Other Academic and General Knowledge | 1 | 0 | 0 | 0 | 15 | 63 | 63.00 | 0 | 1 |
RMP - Hinduism | 1 | 0 | 0 | 0 | 15 | 39 | 39.00 | 1 | 1 |
RMP - Islam | 0 | 1 | 0 | 0 | 10 | 123 | 123.00 | 0 | 0 |
Science - Physics | 0 | 1 | 0 | 0 | 10 | 102 | 102.00 | 0 | 0 |
RMP - Christian Practice | 0 | 1 | 0 | 0 | 10 | 115 | 115.00 | 0 | 0 |
RMP - Jewish Practice | 0 | 1 | 0 | 0 | 10 | 103 | 103.00 | 0 | 0 |
History - World | 0 | 1 | 0 | 0 | 10 | 128 | 128.00 | 0 | 0 |
Fine Arts - Music | 0 | 1 | 0 | 0 | 10 | 111 | 111.00 | 0 | 0 |
History - European | 0 | 1 | 0 | 0 | 10 | 115 | 115.00 | 0 | 0 |
Science - Chemistry | 0 | 0 | 0 | 0 | 0 | | 0.00 | 0 | 0 |
Current Events - World | 0 | 0 | 0 | 0 | 0 | | 0.00 | 0 | 0 |
Science - Math | 0 | 0 | 0 | 0 | 0 | | 0.00 | 0 | 0 |